000 00381pab a2200145 454500
008 180718b1983 xxu||||| |||| 00| 0 eng d
100 _aBansil, P.C.
245 _aCriticality of the food situation in India
260 _c1983
300 _aII-XII
362 _aFeb.
650 _aFarm Produce - India
773 _aMonthly commentary on Indian Economic Conditions
909 _a8111
999 _c8111
_d8111